000 00448 a2200169 4500
003 OSt
005 20231124152033.0
008 231124b |||||||| |||| 00| 0 eng d
020 _a9789355736017
040 _coclc
082 _a540
_bVER/J
100 _aVerma, K S
_99947
245 _aJEE Advanced Organic Chemistry part - I /
250 _a3e
260 _bCengage,
_c2023.
942 _2ddc
_cBK
_h540
_iVER/J
_k540
_mVER/J
999 _c41893
_d41893